Online
Catalog

Praxis y conocimiento : (Record no. 18266)

MARC details
000 -CABECERA
campo de control de longitud fija 01038nam a2200277 a 4500
001 - NÚMERO DE CONTROL
campo de control 000018746
005 - FECHA Y HORA DE LA ÚLTIMA TRANSACCIÓN
campo de control 20260218080533.0
008 - DATOS DE LONGITUD FIJA--INFORMACIÓN GENERAL
campo de control de longitud fija 100514s1966 ve 000 0 spa d
040 ## - FUENTE DE LA CATALOGACIÓN
Centro catalogador/agencia de origen DO-SdBNP
Lengua de catalogación spa
Centro/agencia transcriptor BNPHU
082 ## - NÚMERO DE LA CLASIFICACIÓN DECIMAL DEWEY
Número de clasificación 142.7
Número de documento/Ítem N445p
049 ## - FONDOS LOCALES (OCLC)
Fondos de biblioteca En proceso
100 1# - ENTRADA PRINCIPAL--NOMBRE DE PERSONA
Nombre de persona Neri, Guido David,
9 (RLIN) 40458
240 10 - TÍTULO UNIFORME
Título uniforme Prassi e conoscenza.
Lenguaje de la obra Español.
245 10 - MENCIÓN DE TÍTULO
Título Praxis y conocimiento :
Resto del título fenomenología y marxismo /
Mención de responsabilidad, etc. Guido David Neri ; traducción de Marciano Sadornil.
260 ## - PUBLICACIÓN, DISTRIBUCIÓN, ETC.
Lugar de publicación, distribución, etc. Caracas, Venezuela :
Nombre del editor, distribuidor, etc. Tiempo Nuevo,
Fecha de publicación, distribución, etc. 1966.
300 ## - DESCRIPCIÓN FÍSICA
Extensión 243, [10] p. ;
Dimensiones 20 cm.
490 1# - MENCIÓN DE SERIE
Mención de serie Temas contemporáneos
500 ## - NOTA GENERAL
Nota general Con una sección dedicada a los críticos marxistas de la fenomenología.
504 ## - NOTA DE BIBLIOGRAFÍA, ETC.
Nota de bibliografía, etc. Incluye referencias bibliográficas y notas al pie de las páginas.
534 ## - NOTA SOBRE LA VERSIÓN ORIGINAL
Frase introductoria Título orinal en italiano:
Mención de título del original Prassi e conoscenza.
650 #4 - PUNTO DE ACCESO ADICIONAL DE MATERIA--TÉRMINO DE MATERIA
Término de materia o nombre geográfico como elemento de entrada Fenomenología
9 (RLIN) 11303
650 #0 - PUNTO DE ACCESO ADICIONAL DE MATERIA--TÉRMINO DE MATERIA
Término de materia o nombre geográfico como elemento de entrada Marxismo
9 (RLIN) 5234
650 #4 - PUNTO DE ACCESO ADICIONAL DE MATERIA--TÉRMINO DE MATERIA
Término de materia o nombre geográfico como elemento de entrada Conocimiento
9 (RLIN) 40459
700 1# - PUNTO DE ACCESO ADICIONAL--NOMBRE DE PERSONA
Nombre de persona Sadornil, Marciano,
Término indicativo de función/relación tr.
9 (RLIN) 4729
830 #0 - PUNTO DE ACCESO ADICIONAL DE SERIE-TÍTULO UNIFORME
Título uniforme Temas contemporáneos
9 (RLIN) 40460
Holdings
Estado de retiro Estado de pérdida Restricciones de uso No para préstamo Código de colección Localización permanente Ubicación/localización actual Ubicación en estantería Fecha de adquisición Número de inventario Total de préstamos Signatura topográfica completa Código de barras Fecha visto por última vez Precio válido a partir de Tipo de ítem Koha Número de copia
        Monografías: Libros y Folletos General General En catalogación 14.05.2010 LF1   142.7 N445p 18746-10 25.06.2020 25.06.2020 Préstamo en sala  
      Préstamo restrigido Monografías: Libros y Folletos General General En catalogación 14.05.2010 LF1   142.7 N445p 18746-20 25.06.2020 25.06.2020 Préstamo en sala e. 2
        Monografías: Libros y Folletos Patrimonio Dominicano Patrimonio Dominicano Orden iniciada 29.03.2017 LF1   142.7 N445p 18746-30 25.06.2020 25.06.2020 No se presta  

Powered by Koha